10 Diez de diciembre día universal de los derechos humanos: Balance de 1983

Bewaard in:
Bibliografische gegevens
Coauteur: Asamblea Permanente de los Derechos Humanos
Formaat: Texto
Gepubliceerd in: s.l.: APDH
Tags: Voeg label toe
Geen labels, Wees de eerste die dit record labelt!

MARC

LEADER 00000 a a2200000 04500
001 23989
003
040
090 |a 170200  
110 |a Asamblea Permanente de los Derechos Humanos  
245 |a 10 Diez de diciembre día universal de los derechos humanos: Balance de 1983  
260 |a s.l.:   |b APDH  
300 |a 4 p.  
999 |c 12877  |d 12877